|
|
|
|
| LEADER |
01438njm a2200445 a 4500 |
| 001 |
000432440 |
| 003 |
CZ BrMZK |
| 005 |
19950101143423.0 |
| 008 |
950101s1998 xr f cze d |
| 028 |
0 |
3 |
|a 539 201-4
|b PolyGram
|
| 040 |
|
|
|a BOA001
|b cze
|
| 041 |
1 |
|
|a cze
|a eng
|
| 080 |
|
|
|a 784.4"199"(086.7)
|2 MRF
|
| 100 |
1 |
|
|a Vondráčková, Helena,
|d 1947-
|7 jn19990210804
|4 prf
|
| 245 |
1 |
0 |
|a Nevzdám se hvězdám
|h [zvukový záznam] /
|c Helena Vondráčková.
|
| 246 |
3 |
3 |
|a Nezkoušej bdít nade mnou
|
| 246 |
3 |
3 |
|a Neznámá místa
|
| 246 |
3 |
3 |
|a Pláž
|
| 246 |
3 |
3 |
|a Svě malá křídla tu nejsou
|
| 246 |
3 |
3 |
|a Tam, kde nejsi ty
|
| 246 |
3 |
3 |
|a Běžná věc
|
| 246 |
3 |
3 |
|a Copacabana
|
| 246 |
3 |
3 |
|a Evergreen
|
| 246 |
3 |
3 |
|a Hudba
|
| 246 |
3 |
3 |
|a K čertu s láskou
|
| 246 |
3 |
3 |
|a More than words can say
|
| 246 |
3 |
3 |
|a Málem
|
| 246 |
3 |
3 |
|a Najdi si zbraň
|
| 246 |
3 |
3 |
|a Nevzdám se hvězdám
|
| 260 |
|
|
|a Praha :
|b PolyGram,
|c p1998
|
| 300 |
|
|
|a 1 MC +
|e 1 složený list.
|
| 500 |
|
|
|a Durata neuv
|
| 500 |
|
|
|a Seznam členů doprovod. skupiny v doprovod. mater.
|
| 500 |
|
|
|a Nahr. neuv
|
| 505 |
2 |
|
|a Copacabana, Tam kde nejsi ty, Pláž ... [et al.]
|
| 653 |
0 |
|
|a populární hudba
|a populární písně
|
| 910 |
|
|
|a BOA001
|b KZ-0007.461
|
| 964 |
|
|
|a Hudba populární
|z stol.20.,léta 90.
|x MC
|
| 990 |
|
|
|a AV
|
| 996 |
6 |
|
|b 261H007979
|c KZ-0007.461
|l MZK
|r Sklad / do 24 hodin
|n 0
|p p.v.
|w 000432440
|u 000010
|a 1
|e BOA001
|j MZK50
|s P
|